Autoroute A16 - Statistiques

Statistiques générales
  • Ce quiz a été pris 25 fois
  • Le résultat moyen est 36 sur 113
Statistiques - réponses
Indice Réponse % Correct
Sortie 19 | Sortie 20 Amiens
86%
Frontière départementale Nord
86%
Frontière départementale Pas-de-Calais
86%
Frontière départementale Somme
86%
Sortie 22 | Sortie 23 Abbeville
79%
Sortie 44 | Sortie 47 Calais
79%
Sortie 59 | Sortie 62 Dunkerque
79%
Sortie 26 Étaples - Le Touquet
79%
Frontière départementale Oise
79%
Pont Pont sur l'Oise
79%
Pont Viaduc de la Somme
79%
Sortie 14 | Sortie 15 Beauvais
71%
Sortie 25 Berck-Plage
71%
Aire de service | Sortie 54/54b | Sortie 54a | +2 others Grande-Synthe
71%
Frontière régionale Hauts-de-France
71%
Frontière régionale Île-de-France
71%
Frontière départementale Val-d'Oise
71%
Sortie 28 | Sortie 29 | Sortie 31 | Sortie 32 Boulogne-sur-Mer
64%
Échangeur A29
57%
Sortie 41 Coquelles
57%
Échangeur A26
50%
Échangeur A28
43%
Tunnel Tranchée couverte de Chambly
43%
Sortie 61 Coudekerque-Branche
36%
Sortie 48 | Sortie 49 Marck
36%
Sortie 13 Méru
36%
Échangeur N104
36%
Sortie 35 | Sortie 36 Marquise
29%
Pont Pont sur la Canche
29%
Sortie 18 Salouël
29%
Sortie 52/52a Bourbourg
21%
Aire de repos | Sortie 65 Ghyvelde
21%
Aire de service La Baie de Somme
21%
Sortie 27 Neufchâtel-Hardelot
21%
Sortie 12 Persan
21%
Sortie 58 Saint-Pol-sur-Mer
21%
Sortie 42 Tunnel sous la Manche
21%
Sortie 45 Ardres
14%
Sortie 53 Craywick
14%
Aire de service Les Deux Caps
14%
Sortie 50 Nouvelle-Église
14%
Sortie 51 Saint-Folquin
14%
Aire de repos | Sortie 63 Téteghem
14%
Gare de péage Amblainville
7%
Sortie 39 Bonningues-lès-Calais
7%
Sortie 60 Cappelle-la-Grande
7%
Sortie 17 Conty
7%
Sortie 24 Côte picarde
7%
Gare de péage Herquelingue
7%
Sortie 9 La Croix Verte
7%
Sortie 33 La Trésorerie
7%
Aire de repos La Vallée de la Selle
7%
Aire de repos Le Grand Bois
7%
Aire de repos Le Grand Courtil
7%
Aire de service L'Épitre
7%
Aire de repos Les Falaises de Widehem
7%
Pont Ligne SNCF Épinay-Villetaneuse - Le Tréport-Mers
7%
Pont Ligne SNCF Montsoult-Maffliers - Luzarches
7%
Aire de repos Lormaison
7%
Sortie 11/11a Mours
7%
Échangeur N184
7%
Aire de repos Offekerque
7%
Sortie 40 Peuplingues
7%
Pont Pont sur le canal de Calais
7%
Sortie 10 Presles
7%
Sortie 37 | Sortie 38 Saint-Inglevert
7%
Pont Viaduc d'Echinghen
7%
Pont Viaduc d'Herquelingue
7%
Aire de repos Vignacourt
7%
Sortie 57/57a Z.I. Grande-Synthe
7%
Aire de repos Auteuil
0%
Sortie 16 Hardivillers
0%
Aire de repos La Hétroye
0%
Aire de repos Le Bois de la Commanderie
0%
Aire de repos Le Chêne Peuquet
0%
Sortie 64 Leffrincoucke
0%
Aire de repos Le Fond de la Commanderie
0%
Aire de repos Le Haut Clocher
0%
Aire de repos Les Moëres
0%
Pont Pont sur le canal de Bourbourg
0%
Pont Pont sur le canal de la Colme
0%
Sortie 46 Porte de Saint-Omer
0%
Sortie 43 Rivière Neuve
0%
Aire de repos Saint-Georges-sur-l'Aa
0%
Sortie 30 Saint-Martin-Boulogne
0%
Tunnel Tranchée couverte d'Hardelot
0%
Sortie 21 Vallée de la Nièvre
0%
Pont Viaduc de Quéhen
0%
Pont Viaduc du Scardon
0%
Sortie 34 Wacquinghen
0%
Aucun quiz correspondant
Distribution des résultats
% des personnes avec chaque résultat
Percentile par nombre de réponses
Votre historique - résultats
Vous n’avez pas pris ce quiz